00445 a2200121 4500020001500000082001500015100002000030245004200050260004300092300001700135650015200152700001900304 a2872840141 a707bF486e aFilliou, Robert aEnseigner et apprendre,bArts Vivants aParis-BruxellesbLebeer Hossmannc2000 a262 pc21 cm aEnseignement-methodes experimentales (enseąnza-metodos experimentales)xCage, JohnxBeuys, JosephxRoth, DieterxArte (sistema-gobierno-montajes) aRobert Filliou